000 00407nam a2200145Ia 4500
003 OSt
005 20260116095857.0
008 211028s2013 xx 000 0 und d
040 _cAIMIT LIBRARY
041 _aeng
100 _aT P, Akhil; Kamath, Ramesh.
_g1116003
_96951
245 _aAnalytical study on brand equity of ultratech cement /
260 _aMangalore
_bRamesh Kamath
_c2013
942 _2ddc
_cPRO
999 _c218521
_d218521